Movies Quiz

Random Movies or Actor Quiz

3 Letter Movie Titles Quiz Stats

 Plays Quiz Updated Sep 24, 2018

Score 0/15 Timer 03:00
2 Plays Today
Year Movie Title % Correct
2002xXx
72.8%
1988Big
70.7%
2003Elf
59.4%
2004Ray
58.3%
2001Ali
32.3%
1991JFK
31.6%
2004Saw
26.5%
1989UHF
24.4%
Year Movie Title % Correct
1963Hud
22.8%
1985Ran
13.5%
1994Red
13.5%
1988DOA
9.3%
2006Bug
7.4%
1989Dad
7.3%
1981S.O.B.
7%

You're not logged in!

Compare scores with friends on all Sporcle quizzes.
OR
Log In

Sporcle TV

Today on Sporcle TV


Watch our educational content, quiz creation guides, and fun videos on Sporcle TV.

Show Comments

Extras

Top Quizzes Today


Score Distribution

Your Account Isn't Verified!

In order to create a playlist on Sporcle, you need to verify the email address you used during registration. Go to your Sporcle Settings to finish the process.

Report this User

Report this user for behavior that violates our Community Guidelines.

Details: